| 000 | 00634nam a2200229Ia 4500 | ||
|---|---|---|---|
| 005 | 20250508160930.0 | ||
| 008 | 008 250505s9999 xx 000 0 eng d | ||
| 020 | _a0-03-089433-6 | ||
| 037 | _aTextual | ||
| 040 |
_aFEDL _beng _cFEDL |
||
| 041 |
_aeng _2eng |
||
| 084 |
_a177.7, CUZ _qFEDL |
||
| 100 |
_aCuzzort R. P. _9270421 |
||
| 245 | 0 | _aHumanity and modern social thought | |
| 250 | _a2nd | ||
| 260 |
_aHinsdale _bThe Dryden Press _c1976 |
||
| 300 | _axi,368p | ||
| 650 |
_aEthics of social relation _9761843 |
||
| 700 |
_a King E. W. _9769778 |
||
| 942 |
_cTEXL _h177.7, CUZ |
||
| 999 |
_c1367468 _d1367468 |
||